[Event "GFBI"]
[Site "SchemingMind.com"]
[Date "2022.06.08"]
[Round "-"]
[White "Sadalmelik"]
[Black "Derek Price"]
[Result "0-1"]
[WhiteCountry "ITA"]
[BlackCountry "ENG"]
[WhiteElo "1597"]
[WhiteRD "122"]
[BlackElo "2376"]
[BlackRD "74"]
[GameID "724011"]

1. d4 d5 2. c4 c6 3. Nc3 Nf6 4. Qc2 e6 5. e4 Nxe4 6. Nxe4 dxe4 7. Qxe4 Bb4+ 8. Bd2 Bxd2+ 9. Kxd2 c5 10. Nf3 Nc6
11. d5 O-O 12. a3 exd5 13. cxd5 Re8 14. Qc4 Ne5 15. Qxc5 Nxf3+ 16. gxf3 Qg5+ 17. Kc2 Be6 18. Bc4 Rec8 19. Qb4 Qxd5 20. b3 Bf5+
21. Kc1 Qd3 22. Ra2 Qb1+ 23. Kd2 Qxa2+ 24. Ke3 Re8+ 25. Kf4 Qxf2 26. Qxb7 Qh4+ 27. Kxf5 g6#
0-1

[Event "GFBI"]
[Site "SchemingMind.com"]
[Date "2022.06.03"]
[Round "-"]
[White "Derek Price"]
[Black "Arnold Jones"]
[Result "1-0"]
[WhiteCountry "ENG"]
[BlackCountry "ENG"]
[WhiteElo "2352"]
[WhiteRD "69"]
[BlackElo "1570"]
[BlackRD "62"]
[GameID "724012"]

1. c4 e5 2. Nc3 f5 3. g3 Nf6 4. Bg2 Bc5 5. e3 e4 6. Nge2 g5 7. h4 g4 8. O-O d5 9. cxd5 Bd7 10. d3 Qe7
11. dxe4 fxe4 12. Qc2 Bf5 13. Rd1 a6 14. Nd4 Bxd4 15. Rxd4 Nbd7 16. Nxe4 Nxe4 17. Bxe4 Bxe4 18. Rxe4 Ne5 19. b3 O-O-O 20. Bb2 Rxd5
21. Bxe5 Rxe5 22. Rxe5 Qxe5 23. Rc1 h5 24. Qc5 Re8 25. Qa7 Qb5 26. Rd1 c5 27. Rd5 b6 28. Rd6 Re5 29. Rxb6 Qe2 30. Rb8#
1-0

[Event "GFBI"]
[Site "SchemingMind.com"]
[Date "2022.06.04"]
[Round "-"]
[White "Arnold Jones"]
[Black "Derek Price"]
[Result "0-1"]
[WhiteCountry "ENG"]
[BlackCountry "ENG"]
[WhiteElo "1570"]
[WhiteRD "62"]
[BlackElo "2352"]
[BlackRD "69"]
[GameID "724013"]

1. d4 d5 2. Nf3 Nf6 3. Nc3 e6 4. Bg5 Be7 5. Bxf6 Bxf6 6. e4 O-O 7. e5 Be7 8. Be2 c5 9. O-O Nc6 10. Na4 cxd4
11. Bd3 a6 12. Qd2 b5 13. Qf4 bxa4 14. a3 f6 15. Qg3 fxe5 16. Nxe5 Nxe5 17. Qxe5 Bf6 18. Qg3 e5 19. f4 e4 20. Be2 Bh4
21. Qxg7+ Kxg7 22. Bh5 Qb6 23. g4 d3+ 24. Kh1 dxc2 25. f5 Qxb2 26. g5 Rxf5 27. Rg1 Rf2 28. Rgc1 Qe5
0-1

[Event "GFBI"]
[Site "SchemingMind.com"]
[Date "2022.06.03"]
[Round "-"]
[White "Derek Price"]
[Black "WarriorAngel"]
[Result "1-0"]
[WhiteCountry "ENG"]
[BlackCountry "SGP"]
[WhiteElo "2340"]
[WhiteRD "70"]
[BlackElo "1908"]
[BlackRD "103"]
[GameID "724014"]

1. c4 Nf6 2. g3 c6 3. Bg2 d5 4. Qc2 Bg4 5. Nf3 e6 6. d3 Be7 7. O-O O-O 8. h3 Bh5 9. Nc3 Nbd7 10. e4 dxc4
11. dxc4 Qc7 12. Nd4 Bg6 13. Nb3 Rad8 14. Be3 Ne5 15. Qe2 b6 16. g4 Nd3 17. f4 h6 18. e5 Nxe5 19. fxe5 Qxe5 20. Qf2 Rd3
21. Bf4 Rd2 22. Bxe5 Rxf2 23. Rxf2
1-0

[Event "GFBI"]
[Site "SchemingMind.com"]
[Date "2022.06.03"]
[Round "-"]
[White "WarriorAngel"]
[Black "Derek Price"]
[Result "0-1"]
[WhiteCountry "SGP"]
[BlackCountry "ENG"]
[WhiteElo "1941"]
[WhiteRD "94"]
[BlackElo "2376"]
[BlackRD "74"]
[GameID "724015"]

1. e4 c5 2. Nf3 d6 3. d4 cxd4 4. Nxd4 Nf6 5. Nc3 a6 6. Bd3 e6 7. O-O Be7 8. Bg5 O-O 9. Qe2 Nbd7 10. Nb3 h6
11. Bh4 Ne5 12. Rac1 Nxd3 13. cxd3 Nxe4 14. Bxe7 Nxc3 15. Rxc3 Qxe7 16. Rfc1 Qg5 17. Rc7 Qb5 18. Qd2 e5 19. d4 Be6 20. dxe5 dxe5
21. R7c5 Qa4 22. Ra5 Qf4 23. g3 Qxd2 24. Nxd2 Rfc8 25. Rac5 Rxc5 26. Rxc5 Rd8 27. Ne4 Rd1+ 28. Kg2 Bd5 29. f3 Bxe4 30. fxe4 Rd2+
31. Kh3 f6 32. a4 Rxb2 33. Rc8+ Kh7 34. a5 Rb4 35. Rc7 Rxe4
0-1

[Event "GFBI"]
[Site "SchemingMind.com"]
[Date "2022.06.07"]
[Round "-"]
[White "The Stonewall"]
[Black "Phillip Beckett"]
[Result "1-0"]
[WhiteCountry "ENG"]
[BlackCountry "ENG"]
[WhiteElo "2293"]
[WhiteRD "78"]
[BlackElo "1500"]
[BlackRD "55"]
[GameID "724016"]

1. e4 e5 2. Nf3 Nc6 3. d4 exd4 4. Bc4 Nf6 5. e5 Ne4 6. Qe2 Nc5 7. c3 dxc3 8. Nxc3 Be7 9. Be3 Ne6 10. O-O-O O-O
11. Ne4 d5 12. Rxd5 Qe8 13. h4 Nb4 14. Rdd1 Bd7 15. a3 Nc6 16. Qc2 a6 17. Neg5 h6 18. Qh7#
1-0

[Event "GFBI"]
[Site "SchemingMind.com"]
[Date "2022.06.03"]
[Round "-"]
[White "Phillip Beckett"]
[Black "The Stonewall"]
[Result "0-1"]
[WhiteCountry "ENG"]
[BlackCountry "ENG"]
[WhiteElo "1500"]
[WhiteRD "55"]
[BlackElo "2293"]
[BlackRD "78"]
[GameID "724017"]

1. d4 Nf6 2. e3 g6 3. Bd3 Bg7 4. Nd2 O-O 5. f4 d6 6. Ngf3 c5 7. c3 Nc6 8. O-O e5 9. fxe5 dxe5 10. Bc2 exd4
11. exd4 cxd4 12. cxd4 Nxd4 13. Nxd4 Qxd4+ 14. Kh1 Ng4 15. Nf3 Nf2+ 16. Rxf2 Qxf2 17. Bf4 Be6 18. Bg3 Qb6 19. Rc1 Bxb2 20. Rb1 Bxa2
0-1

[Event "GFBI"]
[Site "SchemingMind.com"]
[Date "2022.06.08"]
[Round "-"]
[White "The Stonewall"]
[Black "Transcendent"]
[Result "1/2-1/2"]
[WhiteCountry "ENG"]
[BlackCountry "ENG"]
[WhiteElo "2275"]
[WhiteRD "72"]
[BlackElo "2106"]
[BlackRD "80"]
[GameID "724018"]

1. e4 e6 2. c4 d5 3. cxd5 exd5 4. exd5 Nf6 5. Bb5+ Nbd7 6. Nc3 a6 7. Be2 Bd6 8. Nf3 O-O 9. O-O Nb6 10. d4 Nbxd5
11. Bg5 Be6 12. Ne5 h6 13. Bh4 Nxc3 14. bxc3 Bxe5 15. dxe5 Qxd1 16. Rfxd1 Nd5 17. Rac1 g5 18. Bg3 Rad8 19. a3 Rfe8 20. Bf3 Kg7
21. c4 Ne7 22. Bxb7 Rxd1+ 23. Rxd1 a5 24. c5 c6 25. f3 Rb8 26. Ba6 Rb3= 27. Ra1 Nf5 28. Be1 a4 29. Ba5 h5 30. Bd8 Kg6
31. h3 h4 32. Ba5 Ne3 33. Kf2 Bc4 34. Re1 Rb2+ 35. Kxe3 Bxa6 36. Kd4 Kf5 37. e6 fxe6 38. Re5+ Kf6=
1/2-1/2

[Event "GFBI"]
[Site "SchemingMind.com"]
[Date "2022.06.07"]
[Round "-"]
[White "Transcendent"]
[Black "The Stonewall"]
[Result "0-1"]
[WhiteCountry "ENG"]
[BlackCountry "ENG"]
[WhiteElo "2178"]
[WhiteRD "68"]
[BlackElo "2317"]
[BlackRD "68"]
[GameID "724019"]

1. d4 Nf6 2. c4 g6 3. g3 Bg7 4. Bg2 O-O 5. Nc3 d6 6. Nf3 c5 7. d5 e6 8. O-O Re8 9. Ne1 exd5 10. cxd5 Na6
11. e4 b5 12. Nxb5 Nxe4 13. Nc2 Bd7 14. a4 Nc7 15. Qd3 f5 16. Nc3 Bc8 17. Nxe4 fxe4 18. Bxe4 Ba6
0-1

[Event "GFBI"]
[Site "SchemingMind.com"]
[Date "2022.06.08"]
[Round "-"]
[White "The Stonewall"]
[Black "JAHI"]
[Result "1-0"]
[WhiteCountry "ENG"]
[BlackCountry "INT"]
[WhiteElo "2311"]
[WhiteRD "70"]
[BlackElo "2205"]
[BlackRD "67"]
[GameID "724020"]

1. Nf3 e6 2. c4 g6 3. Nc3 Bg7 4. d4 Kf8 5. e4 d6 6. Be3 f6 7. Be2 f5 8. exf5 gxf5 9. Qd2 Nf6 10. O-O-O Nc6
11. Rhe1 h6 12. d5 exd5 13. cxd5 Ne7 14. Kb1 Rh7 15. Bc4 Kg8 16. Nd4 Kh8 17. f3 Qf8 18. Bf2 a6 19. Bb3 h5 20. Qe2 Nfg8
21. g3 Bd7 22. Qc2 Rc8 23. Qd3 Ng6 24. Ne6 Bxe6 25. dxe6 Ne5 26. Qe2 Ne7 27. Nd5 Nxd5 28. Bxd5 c6 29. Bb3 Re8 30. e7 Qf6
31. Bd4 Qg6 32. Bxe5 Bxe5 33. f4 Bg7 34. Qe6 Qxe6 35. Rxe6 d5 36. Rd6 Bxb2 37. Kxb2 Rhxe7 38. Bc2 Kg7 39. Bxf5 Re2+ 40. Kc3 Rxa2
41. Rb1 Re7 42. Bc2 Ra3+ 43. Kd4 a5 44. Rg6+ Kf7 45. Rh6 Ra2 46. Kc3 a4 47. Rh7+ Kf6 48. Rxe7 Kxe7 49. Rxb7+ Kd6 50. Ra7 Ra3+
51. Kd2 Ra1 52. Rxa4 Rh1 53. h4 Rg1 54. Ra3 Rg2+ 55. Kc1 Rg1+ 56. Bd1 d4 57. Rd3 c5 58. Kd2 c4 59. Rxd4+ Ke6 60. Re4+ Kd5
61. Re3 Rg2+ 62. Kc3 Rg1 63. Bxh5 Rc1+ 64. Kd2 Rb1 65. Bd1 Ra1 66. g4 Ra6 67. g5 Kc5 68. h5 Rd6+ 69. Ke2 Rd4 70. g6 Rxf4
71. g7 Rg4 72. h6 Kb4 73. h7 Rxg7 74. h8=Q Rg2+ 75. Kf3 Rd2 76. Qc3+ Kb5 77. Qxd2 Kc5 78. Rc3 Kb4 79. Qd4 Kb5 80. Qxc4+ Ka5
81. Qb3 Ka6 82. Qb4 Ka7 83. Ra3#
1-0

[Event "GFBI"]
[Site "SchemingMind.com"]
[Date "2022.06.03"]
[Round "-"]
[White "JAHI"]
[Black "The Stonewall"]
[Result "0-1"]
[WhiteCountry "INT"]
[BlackCountry "ENG"]
[WhiteElo "2171"]
[WhiteRD "69"]
[BlackElo "2328"]
[BlackRD "75"]
[GameID "724021"]

1. b3 Nf6 2. Bb2 g6 3. h3 Bg7 4. h4 d5 5. g3 O-O 6. Bg2 c5 7. Kf1 Nc6 8. d3 e5 9. h5 Nxh5 10. Rxh5 gxh5
11. Nd2 f5 12. e3 f4 13. gxf4 exf4 14. Bxg7 Kxg7 15. e4 Bg4 16. f3 Bd7 17. Rc1 Nb4 18. a3 Na2 19. Ra1 Nc3 20. Qe1 Qf6
21. Ne2 h4 22. Nxc3 Qxc3 23. Rc1 Rae8 24. a4 h3 25. Bh1 Rf6 26. Ke2 Rg6 27. Qf2 Qb2 28. Kd1 Kh8 29. Rb1 Qc3 30. Ke2 Reg8
31. Rf1 Qxc2 32. Qh4 dxe4 33. dxe4 Be6 34. Qxf4 Rd8 35. Qe3 Bxb3 36. f4 Bc4+ 37. Kf3 Bxf1 38. Nxf1 Rg2 39. f5 Qd1+ 40. Qe2 Qxe2+
41. Kf4 Qxf1+ 42. Ke5 Qd3 43. f6 Rg5+ 44. Ke6 Qd7#
0-1

[Event "GFBI"]
[Site "SchemingMind.com"]
[Date "2022.06.05"]
[Round "-"]
[White "The Stonewall"]
[Black "Allan Sedstrem"]
[Result "1-0"]
[WhiteCountry "ENG"]
[BlackCountry "SCO"]
[WhiteElo "2297"]
[WhiteRD "77"]
[BlackElo "1452"]
[BlackRD "64"]
[GameID "724022"]

1. e4 e5 2. Nc3 Nf6 3. g3 Bc5 4. Bg2 O-O 5. Nge2 Bxf2+ 6. Kxf2 d6 7. Rf1 c6 8. Kg1 Bg4 9. h3 Bxe2 10. Qxe2 Nbd7
11. d3 Qb6+ 12. Kh2 Rad8 13. Rb1 d5 14. exd5 cxd5 15. Nxd5 Nxd5 16. Bxd5 Qd4 17. c4 Qc5 18. Bg5 Rde8 19. Qh5
1-0

[Event "GFBI"]
[Site "SchemingMind.com"]
[Date "2022.06.04"]
[Round "-"]
[White "Allan Sedstrem"]
[Black "The Stonewall"]
[Result "0-1"]
[WhiteCountry "SCO"]
[BlackCountry "ENG"]
[WhiteElo "1452"]
[WhiteRD "64"]
[BlackElo "2297"]
[BlackRD "77"]
[GameID "724023"]

1. e4 e5 2. Nf3 Nf6 3. Nc3 Bb4 4. a3 Bxc3 5. dxc3 O-O 6. b4 Nxe4 7. Bb2 d6 8. Bd3 Nf6 9. O-O e4 10. Nd4 exd3
11. cxd3 Re8 12. Nf3 Bg4 13. c4 Nbd7 14. h3 Bxf3 15. Qxf3 c6 16. d4 Nb6 17. Rac1 d5 18. c5 Nc4 19. Rxc4 dxc4 20. Rd1 Qd5
21. Qc3 Re2 22. Rd2 Re1+ 23. Kh2 Ne4 24. Qf3 Nxd2
0-1

[Event "GFBI"]
[Site "SchemingMind.com"]
[Date "2022.06.08"]
[Round "-"]
[White "The Stonewall"]
[Black "Sadalmelik"]
[Result "1-0"]
[WhiteCountry "ENG"]
[BlackCountry "ITA"]
[WhiteElo "2328"]
[WhiteRD "75"]
[BlackElo "1597"]
[BlackRD "122"]
[GameID "724024"]

1. e4 Nc6 2. Nf3 d5 3. exd5 Qxd5 4. Be2 Nf6 5. O-O Bg4 6. h3 Bh5 7. d4 e6 8. c4 Qd8 9. Nc3 Be7 10. Be3 O-O
11. Re1 a6 12. Rc1 h6 13. a3 Bg6 14. b4 b5 15. cxb5 axb5 16. Bxb5 Nb8 17. Qb3 c6 18. Ba4 Nd5 19. Ne5 Bh7 20. Bxc6 Nxc6
21. Nxc6 Qc7 22. Nxd5 Qd7 23. Ndxe7+ Kh8 24. b5 Be4 25. Bxh6 gxh6 26. Rxe4 f5 27. Rxe6 Kh7 28. Qe3 f4 29. Qe4+ Kg7 30. Qg6+ Kh8
31. Qxh6#
1-0

[Event "GFBI"]
[Site "SchemingMind.com"]
[Date "2022.06.08"]
[Round "-"]
[White "Sadalmelik"]
[Black "The Stonewall"]
[Result "0-1"]
[WhiteCountry "ITA"]
[BlackCountry "ENG"]
[WhiteElo "1597"]
[WhiteRD "122"]
[BlackElo "2328"]
[BlackRD "75"]
[GameID "724025"]

1. d4 Nf6 2. c4 g6 3. Nc3 Bg7 4. e4 d6 5. Nf3 O-O 6. Be2 Nbd7 7. O-O e5 8. d5 Nc5 9. Qc2 a5 10. b3 Nh5
11. g3 f5 12. Bg5 Nf6 13. Nd2 f4 14. Bf3 h6 15. Bxf6 Qxf6 16. Nb5 Rf7 17. Bg2 h5 18. Nf3 g5 19. Nc3 Bh6 20. a3 g4
21. Nh4 Bg5 22. f3 Bxh4 23. gxh4 Qxh4 24. fxg4 hxg4 25. Bh1 Rg7 26. Rad1 g3 27. hxg3 Rxg3+ 28. Bg2 Bg4 29. Rd2 Kf7 30. b4 Rh8
31. bxc5 Qh1+ 32. Kf2 Qxg2+ 33. Ke1 Qxf1+ 34. Kxf1 Rh1+ 35. Kf2 Rgh3 36. Nb5 R3h2#
0-1

[Event "GFBI"]
[Site "SchemingMind.com"]
[Date "2022.06.08"]
[Round "-"]
[White "The Stonewall"]
[Black "Arnold Jones"]
[Result "1-0"]
[WhiteCountry "ENG"]
[BlackCountry "ENG"]
[WhiteElo "2293"]
[WhiteRD "78"]
[BlackElo "1570"]
[BlackRD "62"]
[GameID "724026"]

1. e4 e6 2. c4 c5 3. Nc3 Nc6 4. g3 g5 5. Bg2 Nd4 6. Nge2 Bg7 7. Nxd4 cxd4 8. Nb5 Be5 9. d3 a6 10. Na3 Nf6
11. Bxg5 Qa5+ 12. Bd2 Qc7 13. f4 Bxf4 14. Bxf4 e5 15. Bg5 Ng8 16. O-O d6 17. Qh5 Be6 18. Bh3 Qd7 19. c5 Bxh3 20. Nc4 Qe6
21. Rxf7 Qg6 22. Nxd6+ Qxd6 23. Re7+
1-0

[Event "GFBI"]
[Site "SchemingMind.com"]
[Date "2022.06.05"]
[Round "-"]
[White "Arnold Jones"]
[Black "The Stonewall"]
[Result "0-1"]
[WhiteCountry "ENG"]
[BlackCountry "ENG"]
[WhiteElo "1570"]
[WhiteRD "62"]
[BlackElo "2293"]
[BlackRD "78"]
[GameID "724027"]

1. d4 Nf6 2. c4 g6 3. Nc3 Bg7 4. Nf3 O-O 5. e4 d6 6. Qb3 Nbd7 7. Be2 e5 8. Be3 Ng4 9. Bd2 exd4 10. Nd5 Nc5
11. Qc2 c6 12. Nf4 f5 13. Bd3 fxe4 14. Bxe4 Nxe4 15. Nd3 Bf5 16. Qb3 Nxd2 17. Nxd2 Qe7+ 18. Kf1 Bxd3+ 19. Qxd3 Rxf2+ 20. Kg1 Bh6
21. Nf3 Be3 22. Qd1 Rxf3#
0-1

[Event "GFBI"]
[Site "SchemingMind.com"]
[Date "2022.06.08"]
[Round "-"]
[White "The Stonewall"]
[Black "WarriorAngel"]
[Result "1-0"]
[WhiteCountry "ENG"]
[BlackCountry "SGP"]
[WhiteElo "2319"]
[WhiteRD "75"]
[BlackElo "1866"]
[BlackRD "91"]
[GameID "724028"]

1. d4 Nf6 2. Bg5 c5 3. d5 d6 4. Nc3 Nbd7 5. e4 g6 6. Nf3 Bg7 7. Be2 O-O 8. Qd2 a6 9. a4 b6 10. O-O Re8
11. Rad1 Qc7 12. Rfe1 Bb7 13. Qf4 Rab8 14. Qh4 Bc8 15. Bh6 Bh8 16. Qg5 Bb7 17. Nd2 e6 18. dxe6 fxe6 19. Nc4 d5 20. exd5 exd5
21. Nxd5 Nxd5 22. Rxd5 Nf6 23. Rdd1 Rbd8 24. Ne3 Ne4 25. Bc4+
1-0

[Event "GFBI"]
[Site "SchemingMind.com"]
[Date "2022.06.05"]
[Round "-"]
[White "WarriorAngel"]
[Black "The Stonewall"]
[Result "0-1"]
[WhiteCountry "SGP"]
[BlackCountry "ENG"]
[WhiteElo "1826"]
[WhiteRD "94"]
[BlackElo "2317"]
[BlackRD "68"]
[GameID "724029"]

1. e4 c5 2. Nf3 Nc6 3. d4 cxd4 4. Nxd4 Qb6 5. Nf3 Nf6 6. Bd3 e6 7. O-O d6 8. Nbd2 Be7 9. Nc4 Qc7 10. Bf4 b5
11. Ne3 O-O 12. c3 Bb7 13. h3 Rfd8 14. Rc1 a6 15. Re1 Rac8 16. Qe2 Ne5 17. Bb1 Ng6 18. Bh2 Bxe4 19. Nc2 Qb6 20. Nfd4 d5
21. Kh1 e5 22. Nb3 Bd6 23. Ne3 Bxb1 24. Rxb1 Bb8 25. Nf5 Ne4 26. Bg1 Qe6 27. f3 Nxc3 28. Nxg7 Nxe2 29. Nxe6 Ng3+ 30. Kh2 fxe6
31. Kxg3 Rc2 32. Be3 e4+ 33. f4 Rf8 34. Nd4 Rxf4 35. Nxc2 Rf5+
0-1

[Event "GFBI"]
[Site "SchemingMind.com"]
[Date "2022.06.04"]
[Round "-"]
[White "Phillip Beckett"]
[Black "Transcendent"]
[Result "0-1"]
[WhiteCountry "ENG"]
[BlackCountry "ENG"]
[WhiteElo "1518"]
[WhiteRD "55"]
[BlackElo "2129"]
[BlackRD "74"]
[GameID "724030"]

1. d4 d5 2. e3 Nf6 3. Bd3 c5 4. c3 e6 5. f4 Bd6 6. Nf3 Nc6 7. O-O O-O 8. Ne5 Ne8 9. Nd2 Qc7 10. Ndf3 f6
11. Nxc6 bxc6 12. g3 c4 13. Bc2 Rb8 14. Nh4 f5 15. Nf3 c5 16. Ne5 Nf6 17. dxc5 Bxe5 18. fxe5 Qxe5 19. Qd4 Qc7 20. b3 e5
21. Qd1 Qxc5 22. b4 Qc7 23. Bxf5 Qc6 24. Bxc8 Rbxc8 25. a4 Ne4 26. Rxf8+ Rxf8 27. Bb2 Nf2 28. Qh5 d4 29. b5 Qh1#
0-1

[Event "GFBI"]
[Site "SchemingMind.com"]
[Date "2022.06.05"]
[Round "-"]
[White "Transcendent"]
[Black "Phillip Beckett"]
[Result "1-0"]
[WhiteCountry "ENG"]
[BlackCountry "ENG"]
[WhiteElo "2129"]
[WhiteRD "74"]
[BlackElo "1518"]
[BlackRD "55"]
[GameID "724031"]

1. d4 d5 2. c4 e6 3. Nf3 Nf6 4. g3 Be7 5. Bg2 c6 6. Qc2 Nbd7 7. O-O O-O 8. Bf4 dxc4 9. Qxc4 Nb6 10. Qc2 Nbd5
11. Bd2 Nb4 12. Qc1 Nbd5 13. a3 Qc7 14. Qc2 Bd6 15. e4 Nb6 16. e5 Bxe5 17. dxe5 Nfd5 18. Nc3 Nxc3 19. Bxc3 Nd5 20. Rfd1 Nxc3
21. Qxc3 Bd7 22. Rd6 Rad8 23. Rad1 Bc8 24. Qd3 Rxd6 25. exd6 Qd7 26. Ne5 Qd8 27. d7 f6 28. dxc8=Q Qxc8 29. Nd7 Rd8 30. Nxf6+ gxf6
31. Qxd8+
1-0

[Event "GFBI"]
[Site "SchemingMind.com"]
[Date "2022.06.03"]
[Round "-"]
[White "Phillip Beckett"]
[Black "JAHI"]
[Result "0-1"]
[WhiteCountry "ENG"]
[BlackCountry "INT"]
[WhiteElo "1500"]
[WhiteRD "55"]
[BlackElo "2127"]
[BlackRD "66"]
[GameID "724032"]

1. d4 e6 2. e3 g6 3. Bd3 Bg7 4. Nd2 Kf8 5. f4 f6 6. Ngf3 f5 7. c3 Nf6 8. O-O Nc6 9. Ne5 Ne7 10. e4 d6
11. Nef3 h6 12. e5 Nfd5 13. Qe1 Nxf4 14. exd6 cxd6 15. Bc2 Kg8 16. Rf2 Kh7 17. Nc4 Ned5 18. Bxf4 Nxf4 19. h4 Qc7 20. Kh2 Qxc4
21. Qh1 e5 22. dxe5 dxe5 23. h5 Nxh5 24. Raf1 e4 25. Nd2 Qc7+ 26. Kg1 e3
0-1

[Event "GFBI"]
[Site "SchemingMind.com"]
[Date "2022.06.03"]
[Round "-"]
[White "JAHI"]
[Black "Phillip Beckett"]
[Result "1-0"]
[WhiteCountry "INT"]
[BlackCountry "ENG"]
[WhiteElo "2145"]
[WhiteRD "68"]
[BlackElo "1541"]
[BlackRD "57"]
[GameID "724033"]

1. b3 b6 2. Bb2 Bb7 3. f3 e6 4. f4 f5 5. Nf3 Nf6 6. g3 Be7 7. Bg2 O-O 8. Kf1 d6 9. a3 Ne4 10. d3 Nf6
11. e3 Nbd7 12. Nc3 c5 13. a4 Qc7 14. a5 Ng4 15. Qd2 bxa5 16. h3 Ngf6 17. Ng5 Bxg2+ 18. Qxg2 e5 19. Ne6 Qb6 20. Nxf8 Rxf8
21. Rh2 e4 22. Kg1 d5 23. Kh1 d4 24. Na4 Qc6 25. exd4 cxd4 26. Bxd4 Nb6 27. Be5 Nxa4 28. Rxa4 Bb4 29. c3 Rc8 30. Ra1 Bxc3
31. Rc1 exd3 32. Qxc6 Rxc6 33. Rxc3 Rxc3 34. Bxc3 Nd5 35. Be5
1-0

[Event "GFBI"]
[Site "SchemingMind.com"]
[Date "2022.06.03"]
[Round "-"]
[White "Phillip Beckett"]
[Black "Allan Sedstrem"]
[Result "1-0"]
[WhiteCountry "ENG"]
[BlackCountry "SCO"]
[WhiteElo "1541"]
[WhiteRD "57"]
[BlackElo "1452"]
[BlackRD "64"]
[GameID "724034"]

1. e4 e5 2. Nf3 Nc6 3. d4 Nxd4 4. Nxe5 c5 5. c3 Ne6 6. Bd3 d6 7. Nf3 Nf6 8. O-O b6 9. e5 dxe5 10. Bb5+ Bd7
11. Bxd7+ Nxd7 12. Be3 Qc7 13. Nbd2 Bd6 14. Ne4 Be7 15. Qb3 O-O-O 16. a4 Qc6 17. Neg5 Nxg5 18. Bxg5 f6 19. Be3 e4 20. Nd2 h5
21. a5 b5 22. c4 b4 23. Rfd1 g5 24. Qa4 Qxa4 25. Rxa4 h4 26. Nxe4 Ne5 27. Rxd8+ Rxd8 28. h3 Nxc4 29. Bxc5 Bxc5 30. Nxc5 Nxb2
31. Ra2 Nd3 32. Rc2 Nxc5 33. Rxc5+ Kd7 34. Rb5 Kc7 35. Rxb4 Rb8 36. Rc4+ Kb7 37. Rb4+ Kc7 38. Rc4+ Kb7 39. Rb4+ Kc7 40. Rc4+ Kb7
41. Rb4+ Ka8 42. Rd4 Rf8 43. Rd6 Rf7 44. g4 f5 45. a6 fxg4 46. Rd8#
1-0

[Event "GFBI"]
[Site "SchemingMind.com"]
[Date "2022.06.04"]
[Round "-"]
[White "Allan Sedstrem"]
[Black "Phillip Beckett"]
[Result "1/2-1/2"]
[WhiteCountry "SCO"]
[BlackCountry "ENG"]
[WhiteElo "1420"]
[WhiteRD "67"]
[BlackElo "1490"]
[BlackRD "55"]
[GameID "724035"]

1. e4 e5 2. Nf3 Nc6 3. Nc3 Nf6 4. Bb5 Nd4 5. d3 Nxb5 6. Nxb5 c6 7. Nc3 d6 8. O-O Be7 9. Bg5 h6 10. Bxf6 Bxf6
11. d4 exd4 12. Nxd4 O-O 13. Qd2 Be6 14. Nxe6 fxe6 15. f4 d5 16. e5 Be7 17. Rf3 Qb6+ 18. Kh1 Bb4 19. a3 Bxc3 20. Qxc3 d4
21. Qb3 Qxb3 22. Rxb3 Rxf4 23. Rxb7 Raf8 24. h3 Rf1+ 25. Rxf1 Rxf1+ 26. Kh2 Rf2 27. Rd7 Rxc2 28. Rxd4 Rxb2 29. Rc4 Re2 30. Rxc6 Rxe5
31. Ra6 Re2 32. Rxa7 Ra2 33. Ra6 Kf7 34. Kg3 e5 35. Kf3 h5 36. g3 g5 37. Ke4 Re2+ 38. Kf5 Re3 39. Rf6+ Kg7 40. Rg6+ Kf7
41. Rxg5 h4 42. g4 Rxh3 43. a4 Ra3 44. Rh5 Rxa4 45. Rxh4 e4 46. Kf4 Kg6 47. Rh3 e3+ 48. Kxe3 Kg5 49. Kf3 Ra3+ 50. Kg2 Ra2+
51. Kg3 Ra3+ 52. Kg2 Ra2+ 53. Kf3 Ra3+ 54. Kg2 Ra2+ 55. Kf3 Ra3+
1/2-1/2

[Event "GFBI"]
[Site "SchemingMind.com"]
[Date "2022.06.04"]
[Round "-"]
[White "Phillip Beckett"]
[Black "Sadalmelik"]
[Result "1-0"]
[WhiteCountry "ENG"]
[BlackCountry "ITA"]
[WhiteElo "1511"]
[WhiteRD "56"]
[BlackElo "1574"]
[BlackRD "105"]
[GameID "724036"]

1. e4 c5 2. Nf3 Nc6 3. d4 cxd4 4. Nxd4 e6 5. Nb5 d6 6. N1c3 a6 7. Na3 Nge7 8. Be3 g6 9. Nc4 Bg7 10. Qd2 O-O
11. Qxd6 b5 12. Qxd8 Rxd8 13. Nd2 Bb7 14. a3 Nd4 15. Bxd4 Bxd4 16. Bd3 Nc6 17. Nf3 Bg7 18. O-O-O Ne5 19. Nxe5 Bxe5 20. Ne2 Rac8
21. f3 f5 22. exf5 exf5 23. Kb1 Kh8 24. f4 Bf6 25. Rhg1 Re8 26. g3 Bf3 27. Rde1 Red8 28. Nc1 Bd5 29. c3 Bc4 30. Bxc4 Rxc4
31. Re6 Bg7 32. Nb3 Re4 33. Rxe4 fxe4 34. Re1 Re8 35. Nd2 e3 36. Nf1 e2 37. Nd2 Kg8 38. Kc1 Kf7 39. Nf3 Re3 40. Ng1 Re7
41. Rxe2 Rxe2 42. Nxe2 Ke6 43. Kd2 Kd5 44. Kd3 Bf8 45. Nd4 h5 46. b4 Be7 47. Nf3 Bf6 48. Nd2 Be7 49. c4+ bxc4+ 50. Nxc4 Bd8
51. Ne3+ Ke6 52. Kc4 Bb6 53. Nd5 Bd8 54. h3 Kd6= 55. a4 Kc6 56. b5+ axb5+ 57. axb5+ Kd7 58. Ne3 Kc7 59. f5 gxf5 60. Nxf5 Kd7
61. Ng7 h4 62. gxh4 Bxh4 63. Nf5 Bf6 64. h4 Ke6 65. Nd4+ Kd6 66. h5 Kc7 67. h6 Kb6 68. Ne6 Be5 69. h7 Bf6 70. Ng5 Bg7
71. Nf7 Bf6 72. h8=Q Bxh8 73. Nxh8 Kc7 74. Nf7 Kb6 75. Nd6 Kc7 76. Kc5 Kb8 77. b6 Ka8 78. Kc6 Kb8 79. b7 Ka7 80. Kc7 Ka6
81. b8=Q Ka5 82. Qb5#
1-0

[Event "GFBI"]
[Site "SchemingMind.com"]
[Date "2022.06.08"]
[Round "-"]
[White "Sadalmelik"]
[Black "Phillip Beckett"]
[Result "0-1"]
[WhiteCountry "ITA"]
[BlackCountry "ENG"]
[WhiteElo "1597"]
[WhiteRD "122"]
[BlackElo "1490"]
[BlackRD "55"]
[GameID "724037"]

1. d4 d5 2. Nf3 Nf6 3. c4 e6 4. Nc3 Be7 5. Bf4 c6 6. b3 Nbd7 7. g3 O-O 8. Bg2 Re8 9. O-O Bf8 10. c5 Nh5
11. Bd2 f5 12. b4 Nhf6 13. Re1 Ne4 14. Nxe4 fxe4 15. Ne5 Nxe5 16. dxe5 g6 17. f4 exf3 18. exf3 Bg7 19. f4 Bh6 20. a4 Rf8
21. Qc1 a6 22. a5 Kh8 23. Rd1 Rg8 24. Ra3 Bd7 25. Qc2 g5 26. fxg5 Bxg5 27. Bxg5 Qxg5 28. Rf3 Be8 29. Re1 Bh5 30. Rf6 Bg6
31. Rxe6 Bxc2
0-1

[Event "GFBI"]
[Site "SchemingMind.com"]
[Date "2022.06.03"]
[Round "-"]
[White "Phillip Beckett"]
[Black "Arnold Jones"]
[Result "1-0"]
[WhiteCountry "ENG"]
[BlackCountry "ENG"]
[WhiteElo "1500"]
[WhiteRD "55"]
[BlackElo "1570"]
[BlackRD "62"]
[GameID "724038"]

1. e4 c5 2. Nf3 e6 3. d4 d5 4. exd5 exd5 5. Bb5+ Bd7 6. Qe2+ Be7 7. dxc5 Qa5+ 8. Nc3 Bxb5 9. Qxb5+ Qxb5 10. Nxb5 Na6
11. O-O Bxc5 12. Re1+ Ne7 13. Bg5 f6 14. Be3 O-O-O 15. Bxc5 Nxc5 16. Rxe7 a6 17. Rc7+ Kb8 18. Rxc5 b6 19. Rc6 axb5 20. Rxb6+
1-0

[Event "GFBI"]
[Site "SchemingMind.com"]
[Date "2022.06.03"]
[Round "-"]
[White "Arnold Jones"]
[Black "Phillip Beckett"]
[Result "0-1"]
[WhiteCountry "ENG"]
[BlackCountry "ENG"]
[WhiteElo "1570"]
[WhiteRD "62"]
[BlackElo "1500"]
[BlackRD "55"]
[GameID "724039"]

1. d4 d5 2. Nf3 Nf6 3. Bg5 e6 4. Nbd2 Be7 5. e4 dxe4 6. Bxf6 Bxf6 7. Nxe4 Be7 8. Qd2 O-O 9. Bd3 Nd7 10. O-O-O c5
11. Neg5 Bxg5 12. Bxh7+ Kxh7 13. Nxg5+ Kg8 14. dxc5 Qe7 15. b4 Nf6 16. Qe2 Bd7 17. Rd6 Bc6 18. f3 Rad8 19. Rhd1 Rxd6 20. cxd6 Qd7
21. Qf2 Nd5 22. Qh4 Nf6 23. Qh3 Rd8 24. c4 b6 25. c5 bxc5 26. bxc5 Rb8 27. Rd4 Qb7 28. Rh4 Qb2+ 29. Kd1 Qb1+ 30. Kd2 Rb2+
31. Ke3 Qc1+ 32. Kd4 Qd2+ 33. Ke5 Nd7#
0-1